000 00338nam a2200121Ia 4500
005 20260326100046.0
008 260326s9999||||xx |||||||||||||| ||und||
100 _aMariscal, Federico
245 0 _aLa Patria y la Arquitectura Nacional /
_cFederico Mariscal
260 _bDel Puente Quebrado
650 _aARQUITECTURA REGIONAL
942 _cBK
999 _c7214
_d7214